000 01524nam a2200373 a 4500
001 ebr10503312
003 CaPaEBR
006 m u
007 cr cn|||||||||
008 110113s2011 ctuc sb 001 0beng d
010 _z 2010053718
020 _z9780300137248 (cloth : alk. paper)
020 _z0300137249 (cloth : alk. paper)
020 _z9780300178418 (e-book)
040 _aCaPaEBR
_cCaPaEBR
035 _a(OCoLC)758390021
043 _ae-ur---
050 1 4 _aHX312.T75
_bR83 2011eb
082 0 4 _a947.084092
_aB
_222
100 1 _aRubenstein, Joshua.
245 1 0 _aLeon Trotsky
_h[electronic resource] :
_ba revolutionary's life /
_cJoshua Rubenstein.
260 _aNew Haven :
_bYale University Press,
_cc2011.
300 _ax, 225 p. :
_bport.
490 1 _aJewish lives
504 _aIncludes bibliographical references and index.
505 0 _aThe young revolutionary -- The revolution of 1905 -- An independent Marxist -- The revolution of 1917 -- Out of power -- Exile.
533 _aElectronic reproduction.
_bPalo Alto, Calif. :
_cebrary,
_d2011.
_nAvailable via World Wide Web.
_nAccess may be limited to ebrary affiliated libraries.
600 1 0 _aTrotsky, Leon,
_d1879-1940.
650 0 _aCommunists
_zSoviet Union
_vBiography.
655 7 _aElectronic books.
_2local
710 2 _aebrary, Inc.
830 0 _aJewish lives (New Haven, Conn.)
856 4 0 _uhttp://site.ebrary.com/lib/rucke/Doc?id=10503312
_zAn electronic book accessible through the World Wide Web; click to view
999 _c222053
_d222053